15 krajów o największej liczbie zgonów Covid19 - 6 maja - Statystyki

Ogólne statystyki
  • Ten quiz został rozwiązany 70 razy
  • Średni wynik to 12 z 21
Statystyki odpowiedzi
kraj % Poprawnych
Chiny
95%
Stany Zjednoczone
89%
Niemcy
85%
Włochy
85%
Hiszpania
79%
Francja
77%
Kanada
72%
Brazylia
69%
Wielka Brytania
64%
Meksyk
57%
Holandia
44%
Szwecja
44%
Szwecja
44%
Belgia
43%
Portugalia
43%
Iran
39%
Turcja
38%
Dania
34%
Szwajcaria
34%
Irlandia
26%
Ekwador
8%
Nie znaleziono quizów pasujących do podanych kryteriów
Rozkład punktacji
Procent ludzi z każdym wynikiem
Percentyl według liczby udzielonych odpowiedzi
Twoja historia wyników
Nie rozwiązałeś tego quizu